000 004700000a22001690004500
041 0 _aSPA
082 0 4 _aG 289.3 B6742m
100 1 _aBogard, Benjamin
245 1 0 _aEl mormonismo / Benjamin Bogard ; Carlos Beutelspacher, Traductor
260 _aEl Paso, TX., USA : Casa Bautista de Publicaciones
300 _a61 Pag
001 8840
942 _cBK
999 _c38953
_d38953
336 _atexto
_btxt
_2rdacontent
337 _2rdamedia
_asin mediación
_bn
338 _2rdacarrier
_avolumen
_bnc